| 000 | 00730nam a22002417a 4500 | ||
|---|---|---|---|
| 005 | 20181211175132.0 | ||
| 008 | 181211b xxu||||| |||| 00| 0 spa d | ||
| 041 | _aspa | ||
| 082 | _a972.862 C397p | ||
| 100 |
_aCentro de Investigación y Conservación del Patrimonio Cultural _951274 |
||
| 100 |
_aMinisterio de Cultura y Juventud _951275 |
||
| 245 | _aPatrimonio 6. Edición especial: Sanatorio Durán | ||
| 260 | _aCosta Rica | ||
| 260 | _bImprenta Nacional | ||
| 260 | _c2014 | ||
| 300 | _a135 páginas | ||
| 650 |
_aCOSTA RICA _951276 |
||
| 650 |
_aCARTAGO _91052 |
||
| 650 |
_aPATRIMONIO HISTÓRICO _919050 |
||
| 650 |
_aACERVO CULTURAL _923965 |
||
| 650 |
_aSANATORIO CARLOS DURÁN CARTÍN _951277 |
||
| 942 | _cBK | ||
| 999 |
_c11445 _d11445 |
||